000 004280000a22001330004500
090 _aAS
_bSeriadas
245 1 0 _aMacusiina, a new infratribe of the eumaeini with description of ten new genera (Lycaenidae)
041 0 _aInglés
700 1 _aKruse, James J.
_9100260
700 1 _aKroenlein, Karl Ritter
_9100263
100 1 _aJohnson, Kurt
_915488
942 _cARTICULO
773 1 _tRevista de Theclinae Colombianos
_q1-9
_d1997
_g2
999 _c16056
_d16056